| 000 | 00518nam a22001817a 4500 | ||
|---|---|---|---|
| 999 |
_c169532 _d169532 |
||
| 005 | 20191122131027.0 | ||
| 010 | _aENG-126985 | ||
| 020 |
_a9789385606236 _c550.00 |
||
| 035 | _aEN-110517 | ||
| 037 | _bDBAD/PUB | ||
| 082 | _aN | ||
| 100 | _aQurratulain Hyder | ||
| 245 |
_aShip of sorrows : _cby Qurratulain Hyder _b(safina e gham e dil) / |
||
| 260 |
_aNew Delhi _bWomen Unlimited _c2019 |
||
| 270 |
_a7/10,FF, Sarvapriya Vihar _bNew Delhi _e110016 |
||
| 300 |
_axxxi;284p. _c21cm(pbk) |
||
| 942 |
_2ddc _cEN _hN _mQUR |
||